CONCISE COMMENTARY ON BHARATIYA SASHYA ADHINIYAM, 2023 (Record no. 216400)

MARC details
000 -LEADER
fixed length control field 00486nam a22001577a 4500
008 - FIXED-LENGTH DATA ELEMENTS--GENERAL INFORMATION
fixed length control field 260105b |||||||| |||| 00| 0 eng d
020 ## - INTERNATIONAL STANDARD BOOK NUMBER
International Standard Book Number 978-81-19403-83-7
100 ## - MAIN ENTRY--PERSONAL NAME
Personal name CHANDRAN, SHARATH
245 ## - TITLE STATEMENT
Title CONCISE COMMENTARY ON BHARATIYA SASHYA ADHINIYAM, 2023
260 ## - PUBLICATION, DISTRIBUTION, ETC.
Place of publication, distribution, etc. HARYANA, INDIA
Name of publisher, distributor, etc. LEXISNEXIS
Date of publication, distribution, etc. 2024
300 ## - PHYSICAL DESCRIPTION
Extent XLIX, 129P.
500 ## - GENERAL NOTE
General note INCLUDES SUBJECT INDEX
650 ## - SUBJECT ADDED ENTRY
Topical term or geographic name entry element 1. CRIMINAL PROCEDURE, INDIA 2. CRIMINAL LAW -INDIA
942 ## - ADDED ENTRY ELEMENTS (KOHA)
Source of classification or shelving scheme Library of Congress Classification
Koha item type Long Loan Book
Holdings
Withdrawn status Lost status Source of classification or shelving scheme Damaged status Not for loan Collection Home library Current library Shelving location Date acquired Inventory number Total checkouts Full call number Barcode Date last seen Copy number Price effective from Koha item type
    Library of Congress Classification     Law Kisii University Library Kisii University Library On Display 01/05/2026 110444   KNC 856 .C493 2024 000000002127 01/05/2026 C.1 01/05/2026 Long Loan Book
    Library of Congress Classification     Law Kisii University Library Kisii University Library On Display 01/05/2026 110445   KNC 856 .C493 2024 000000022991 01/05/2026 C.2 01/05/2026 Long Loan Book
    Library of Congress Classification     Law Kisii University Library Kisii University Library On Display 01/05/2026 110446   KNC 856 .C493 2024 000000001599 01/05/2026 C.3 01/05/2026 Long Loan Book
    Library of Congress Classification     Law Kisii University Library Kisii University Library On Display 01/05/2026 110447   KNC 856 .C493 2024 000000001598 01/05/2026 C.4 01/05/2026 Long Loan Book